Alkpote - Musiques de l'album Monument - Statistiques

Statistiques générales
  • Ce quiz a été pris 26 fois
  • Le résultat moyen est 8 sur 16
Statistiques - réponses
Monument % Correct
Jamais (ft. Roméo Elvis)
78%
Nautilus (ft. Kaaris)
78%
Aigle
74%
Amour (ft. Philippe Katerine)
70%
Patek (ft. Kalash Criminel)
65%
Digestif
52%
Cicatrices
48%
Piment
48%
Béni
43%
Pactole
43%
Récital
43%
Revolver
43%
Flamme
39%
Sablier
39%
Splash
39%
Saltimbanque
35%
Aucun quiz correspondant
Distribution des résultats
% des personnes avec chaque résultat
Percentile par nombre de réponses
Votre historique - résultats
Vous n’avez pas pris ce quiz